Chemistry Elements (names) - Statistics

General Stats
  • This quiz has been taken 1,182 times
  • The average score is 56 of 61
Answer Stats
Hint Answer % Correct
Aluminum Al
98%
Argon Ar
98%
Boron B
98%
Barium Ba
97%
Carbon C
97%
Calcium Ca
97%
Silver Ag
96%
Gold Au
96%
Beryllium Be
96%
Bromine Br
96%
Chlorine Cl
96%
Cobalt Co
96%
Fluorine F
96%
Hydrogen H
96%
Helium He
96%
Arsenic As
95%
Bismuth Bi
95%
Cerium Ce
95%
Chromium Cr
95%
Francium Fr
95%
Gallium Ga
95%
Germanium Ge
95%
Iodine I
95%
Lithium Li
95%
Magnesium Mg
95%
Nitrogen N
95%
Cadmium Cd
94%
Cesium Cs
94%
Iron Fe
94%
Krypton Kr
94%
Neon Ne
94%
Nickel Ni
94%
Oxygen O
94%
Phosphorus P
94%
Sulfur S
94%
Potassium K
93%
Radium Ra
93%
Copper Cu
92%
Manganese Mn
92%
Sodium Na
92%
Silicon Si
92%
Titanium Ti
92%
Uranium U
92%
Molybdenum Mo
91%
Rubidium Rb
91%
Scandium Sc
91%
Selenium Se
91%
Vanadium V
91%
Xenon Xe
91%
Zinc Zn
90%
Strontium Sr
89%
Tellurium Te
89%
Platinum Pt
88%
Mercury Hg
87%
Radon Rn
87%
Thallium Tl
87%
Lead Pb
86%
2ND SECTION (write 2) 2
83%
Tin Sn
80%
Tungsten W
78%
Antimony Sb
74%
No matching quizzes found
Score Distribution
Percent of People with Each Score
Percentile by Number Answered
Your Score History
You have not taken this quiz